<?xml version="1.0" encoding="UTF-8"?>
<record
    xmlns:xsi="http://www.w3.org/2001/XMLSchema-instance"
    xsi:schemaLocation="http://www.loc.gov/MARC21/slim http://www.loc.gov/standards/marcxml/schema/MARC21slim.xsd"
    xmlns="http://www.loc.gov/MARC21/slim">

  <leader>00442    a2200169   4500</leader>
  <controlfield tag="005">20250707134352.0</controlfield>
  <controlfield tag="008">250707b        |||||||| |||| 00| 0 eng d</controlfield>
  <datafield tag="020" ind1=" " ind2=" ">
    <subfield code="a">9788120322547</subfield>
  </datafield>
  <datafield tag="041" ind1=" " ind2=" ">
    <subfield code="a">English</subfield>
  </datafield>
  <datafield tag="100" ind1=" " ind2=" ">
    <subfield code="a">Garg V.K.</subfield>
    <subfield code="9">109335</subfield>
  </datafield>
  <datafield tag="245" ind1=" " ind2=" ">
    <subfield code="a">Enterprise Resource Planning</subfield>
    <subfield code="b">: Concepts And Practice</subfield>
  </datafield>
  <datafield tag="250" ind1=" " ind2=" ">
    <subfield code="a">2nd</subfield>
  </datafield>
  <datafield tag="260" ind1=" " ind2=" ">
    <subfield code="b">PHI Learning P.Ltd.</subfield>
    <subfield code="c">2024</subfield>
  </datafield>
  <datafield tag="300" ind1=" " ind2=" ">
    <subfield code="a">185</subfield>
  </datafield>
  <datafield tag="700" ind1=" " ind2=" ">
    <subfield code="a">Venkitkrishnan N.K.</subfield>
    <subfield code="9">212497</subfield>
  </datafield>
  <datafield tag="942" ind1=" " ind2=" ">
    <subfield code="c">BK</subfield>
  </datafield>
  <datafield tag="999" ind1=" " ind2=" ">
    <subfield code="c">367125</subfield>
    <subfield code="d">367125</subfield>
  </datafield>
  <datafield tag="952" ind1=" " ind2=" ">
    <subfield code="0">0</subfield>
    <subfield code="1">0</subfield>
    <subfield code="2">ddc</subfield>
    <subfield code="4">0</subfield>
    <subfield code="7">0</subfield>
    <subfield code="a">CCEP</subfield>
    <subfield code="b">CCEP</subfield>
    <subfield code="d">2025-07-02</subfield>
    <subfield code="e">115</subfield>
    <subfield code="g">346.50</subfield>
    <subfield code="l">2</subfield>
    <subfield code="o">658.2 GAR</subfield>
    <subfield code="p">CCEP-BK-68958</subfield>
    <subfield code="r">2026-02-12 09:20:00</subfield>
    <subfield code="s">2026-01-30</subfield>
    <subfield code="v">495.00</subfield>
    <subfield code="w">2025-07-02</subfield>
    <subfield code="y">BK</subfield>
  </datafield>
  <datafield tag="952" ind1=" " ind2=" ">
    <subfield code="0">0</subfield>
    <subfield code="1">0</subfield>
    <subfield code="2">ddc</subfield>
    <subfield code="4">0</subfield>
    <subfield code="7">0</subfield>
    <subfield code="a">CCEP</subfield>
    <subfield code="b">CCEP</subfield>
    <subfield code="d">2025-07-02</subfield>
    <subfield code="e">115</subfield>
    <subfield code="g">346.50</subfield>
    <subfield code="l">0</subfield>
    <subfield code="o">658.2 GAR</subfield>
    <subfield code="p">CCEP-BK-68962</subfield>
    <subfield code="r">2025-07-02 00:00:00</subfield>
    <subfield code="v">495.00</subfield>
    <subfield code="w">2025-07-02</subfield>
    <subfield code="y">BK</subfield>
  </datafield>
  <datafield tag="952" ind1=" " ind2=" ">
    <subfield code="0">0</subfield>
    <subfield code="1">0</subfield>
    <subfield code="2">ddc</subfield>
    <subfield code="4">0</subfield>
    <subfield code="7">0</subfield>
    <subfield code="a">CCEP</subfield>
    <subfield code="b">CCEP</subfield>
    <subfield code="d">2025-07-02</subfield>
    <subfield code="e">115</subfield>
    <subfield code="g">346.50</subfield>
    <subfield code="l">0</subfield>
    <subfield code="o">658.2 GAR</subfield>
    <subfield code="p">CCEP-BK-68959</subfield>
    <subfield code="r">2025-07-02 00:00:00</subfield>
    <subfield code="v">495.00</subfield>
    <subfield code="w">2025-07-02</subfield>
    <subfield code="y">BK</subfield>
  </datafield>
  <datafield tag="952" ind1=" " ind2=" ">
    <subfield code="0">0</subfield>
    <subfield code="1">0</subfield>
    <subfield code="2">ddc</subfield>
    <subfield code="4">0</subfield>
    <subfield code="7">0</subfield>
    <subfield code="a">CCEP</subfield>
    <subfield code="b">CCEP</subfield>
    <subfield code="d">2025-07-02</subfield>
    <subfield code="e">115</subfield>
    <subfield code="g">346.50</subfield>
    <subfield code="l">1</subfield>
    <subfield code="o">658.2 GAR</subfield>
    <subfield code="p">CCEP-BK-68961</subfield>
    <subfield code="q">2026-01-07</subfield>
    <subfield code="r">2025-07-11 00:00:00</subfield>
    <subfield code="s">2025-07-11</subfield>
    <subfield code="v">495.00</subfield>
    <subfield code="w">2025-07-02</subfield>
    <subfield code="y">BK</subfield>
  </datafield>
  <datafield tag="952" ind1=" " ind2=" ">
    <subfield code="0">0</subfield>
    <subfield code="1">0</subfield>
    <subfield code="2">ddc</subfield>
    <subfield code="4">0</subfield>
    <subfield code="7">0</subfield>
    <subfield code="a">CCEP</subfield>
    <subfield code="b">CCEP</subfield>
    <subfield code="d">2025-07-02</subfield>
    <subfield code="e">115</subfield>
    <subfield code="g">346.50</subfield>
    <subfield code="l">1</subfield>
    <subfield code="o">658.2 GAR</subfield>
    <subfield code="p">CCEP-BK-68960</subfield>
    <subfield code="r">2025-12-03 17:42:45</subfield>
    <subfield code="s">2025-07-11</subfield>
    <subfield code="v">495.00</subfield>
    <subfield code="w">2025-07-02</subfield>
    <subfield code="y">BK</subfield>
  </datafield>
</record>
